000 00686cab a2200241 4500
001 WB3418-22
008 090401t1998 xxu||||| |||| 00| 0 eng d
035 _a(Sirsi) u86134
041 _aeng
245 _aSouth-west needs new homes
260 _c1998
350 _a0
490 _aDaily Telegraph
_v11 May 1998, 4(1)
520 _aAccording to a regional panel of local authorities, at least 412,000 homes need to be built in the South-west by 2016.
650 _aBROWNFIELD SITES
650 _aGREEN BELT LAND
650 _aHOUSEHOLD PROJECTIONS
650 _aNEW HOMES
650 _aSOUTH WEST
690 _aHOUSING-DEVELOPMENT
942 _n0
948 _c12/05/1998
999 _c54187
_d54187